000 00611nam a2200217 a 4500
001 BRCA_8170
005 20190320210148.0
008 070514c1960----fr-a###f##---#000-0#fre-#
041 _afre
044 _afr
050 4 _aN8650
_b.V69
_c1960
245 1 0 _aVoyages en Europe
_ble bon conseiller.
260 _aParis
_bACS
_c1960
300 _a219 p.
_bil.
_c21 cm.
500 _aX72
500 _aGuía de restaurantes, garages y hoteles inventariada como libro por el Banco de México
651 4 _aParis
_vGuías
_920367
651 4 _aParis
_vRestaurantes y hoteles
_920368
902 _aGFM
942 _2lcc
_cB
999 _c7838
_d7838